000 00479nam a2200205Ia 4500
003 OSt
005 20220924134335.0
006 a|||||r|||| 00| 0
007 ta
008 220923b |||||||| |||| 00| 0 snd d
024 _a273538
037 _cTextual
040 _aARTS
_cARTS
_bsnd
041 _2snd
_asnd
082 _aO168,3x, 1593H6
245 0 _aIndu Kalakar
260 _c1946
942 _hO168,3x, 1593H6
_cTEXL
_2CC
999 _c437100
_d437100